| 000 | 00457nam a22001697a 4500 | ||
|---|---|---|---|
| 003 | NUST-PNEC | ||
| 005 | 20170116180724.0 | ||
| 008 | 141030b xxu||||| |||| 00| 0 eng d | ||
| 040 | _cPNEC | ||
| 082 | _a621.38195 LEN | ||
| 100 |
_9881 _aLenk, John D. |
||
| 245 |
_aHandbook of practical microcomputer troubleshooting _cJohn D. Lenk |
||
| 260 |
_aVirgima _bReston Publishing Company Inc. |
||
| 300 |
_a323 p. : _c29 cm. |
||
| 650 | _xEL | ||
| 942 |
_2ddc _cBK |
||
| 999 |
_c61535 _d61535 |
||